Statistics for African Countries with a Population Under 5 Million

Click here to take the quiz!

General Stats

  • This quiz has been taken 59 times
  • The average score is 16 of 18

Answer Stats

Countries % Correct
Swaziland
98%
Lesotho
98%
Comoros
98%
Gambia
96%
Djibouti
96%
Cape Verde
96%
Mauritius
95%
Sao Tome and Principe
95%
Seychelles
95%
Guinea-Bissau
91%
Equatorial Guinea
91%
Gabon
88%
Liberia
84%
Namibia
75%
Central African Republic
73%
Botswana
70%
Republic of the Congo
64%
Mauritania
59%

Score Distribution

Percentile by Number Answered

Percent of People with Each Score

Your Score History

You have not taken this quiz